Europa auf dem Weg zur politischen Union Dokumentation eines Kongresses der Konrad-Adenauer-Stiftung. 27. Mai 1993, Kunst- und Ausstellungshalle der Bundesrepublik Deutschland

Uložené v:
Podrobná bibliografia
Médium: Kniha
Jazyk:German
Vydavateľské údaje: Melle Knoth 1993
Vydanie:1. Aufl.
Predmet:
Tagy: Pridať tag
Žiadne tagy, Buďte prvý, kto otaguje tento záznam!

MARC

LEADER 00000nam a2200000 4500
001 c005180
005 20221214082041.5
020 |a 3-88368-246-2 
041 0 |a ger 
044 |a DE 
245 1 0 |a Europa auf dem Weg zur politischen Union  |b Dokumentation eines Kongresses der Konrad-Adenauer-Stiftung. 27. Mai 1993, Kunst- und Ausstellungshalle der Bundesrepublik Deutschland 
250 |a 1. Aufl. 
264 1 |a Melle  |b Knoth  |c 1993 
300 |a 104 s. 
610 2 0 |a Európa 
610 2 0 |a Nemecko 
610 2 0 |a politika medzinárodná 
610 2 0 |a Európske spoločenstvá 
610 2 0 |a integrácia ekonomická medzinárodná 
610 2 0 |a spolupráca hospodárska medzinárodná 
610 2 0 |a protekcionizmus 
610 2 0 |a nacionalizmus 
610 2 0 |a Európska únia